[Event "Verbandsliga Nordbaden 1920"]
[Site "Baden"]
[Date "2020.02.02"]
[Round "5.3"]
[White "Serafimov, Dimitar"]
[Black "Wind, Lutz"]
[Result "1/2-1/2"]
[WhiteElo "2143"]
[BlackElo "2137"]
[PlyCount "72"]
[EventDate "2019.09.29"]
[EventType "team-tourn"]
[EventRounds "9"]
[EventCountry "GER"]
[SourceTitle "EXT 2021"]
[Source "ChessBase"]
[SourceDate "2020.10.23"]
[SourceVersion "1"]
[SourceVersionDate "2020.10.23"]
[SourceQuality "1"]
[WhiteTeam "Buchen II"]
[BlackTeam "Lindenhof"]
[WhiteTeamCountry "GER"]
[BlackTeamCountry "GER"]

1. c4 g6 2. Nc3 Bg7 3. g3 d6 4. Bg2 e5 5. d3 Nc6 6. e3 f5 7. Nge2 Nf6 8. 0-0 0-0 9. Rb1 Be6 10. Nd5 Qd7 11. b4 Nd8 12. Bb2 Ne8 13. b5 Bf7 14. Qa4 Ne6 15. Qc2 g5 16. f4 Bh5 17. Rf2 c6 18. bxc6 bxc6 19. Ndc3 Nf6 20. h3 gxf4 21. gxf4 exf4 22. Nxf4 Nxf4 23. exf4 Rab8 24. Re1 Rfe8 25. Rxe8+ Qxe8 26. Bc1 Nd7 27. Ne2 Nc5 28. Kh2 Ne6 29. Bf3 Nd4 30. Nxd4 Bxd4 31. Bxh5 Qxh5 32. Qe2 Qxe2 33. Rxe2 Kf7 34. Kg2 Rb1 35. Rc2 Ke6 36. Kf3 Ke7 1/2-1/2

[Event "Verbandsliga Nordbaden 1819"]
[Site "Baden"]
[Date "2019.01.13"]
[Round "4.4"]
[White "Serafimov, Dimitar"]
[Black "Pfleger, Michael"]
[Result "1-0"]
[WhiteElo "2143"]
[BlackElo "2212"]
[PlyCount "81"]
[EventDate "2018.10.14"]
[EventType "team-tourn"]
[EventRounds "9"]
[EventCountry "GER"]
[SourceTitle "EXT 2020"]
[Source "ChessBase"]
[SourceDate "2019.10.17"]
[SourceVersion "1"]
[SourceVersionDate "2019.10.17"]
[SourceQuality "1"]
[WhiteTeam "Buchen II"]
[BlackTeam "Bad Mergentheim II"]
[WhiteTeamCountry "GER"]
[BlackTeamCountry "GER"]

1. g3 d5 2. Bg2 Nc6 3. d4 Nf6 4. Nf3 Be6 5. 0-0 h6 6. Re1 g5 7. c4 dxc4 8. Nc3 Bg7 9. e4 g4 10. d5 gxf3 11. Bxf3 Ne5 12. dxe6 fxe6 13. Bh5+ Kf8 14. f4 Qxd1 15. Bxd1 Nd3 16. Rf1 h5 17. Be2 Rd8 18. e5 Nd5 19. Ne4 c6 20. b3 Nxc1 21. Raxc1 cxb3 22. axb3 Nc7 23. Rfd1 Rd5 24. Bc4 Kf7 25. Ng5+ Ke8 26. h4 Bh6 27. Nxe6 Rxd1+ 28. Rxd1 Nd5 29. Bxd5 cxd5 30. Rxd5 Kf7 31. Rd8 Rh7 32. f5 b5 33. Kf2 a5 34. Kf3 a4 35. bxa4 bxa4 36. Ra8 a3 37. Rxa3 Rh8 38. Rd3 Ra8 39. Rd8 Ra3+ 40. Kg2 Bg7 41. Ng5# 1-0

[Event "Teteven op 32nd"]
[Site "Teteven"]
[Date "2018.08.18"]
[Round "8"]
[White "Ivanov, Boris1111"]
[Black "Serafimov, Dimitar"]
[Result "1-0"]
[WhiteElo "1953"]
[BlackElo "2143"]
[PlyCount "61"]
[EventDate "2018.08.11"]
[EventType "swiss"]
[EventRounds "9"]
[EventCountry "BUL"]
[SourceTitle "CBM 186 Extra"]
[Source "ChessBase"]
[SourceDate "2018.08.24"]
[SourceVersion "1"]
[SourceVersionDate "2018.08.24"]
[SourceQuality "1"]

1. e4 c6 2. d4 d5 3. Nc3 dxe4 4. Nxe4 Bf5 5. Ng3 Bg6 6. h4 h6 7. Nh3 e6 8. Nf4 Bh7 9. Bc4 Nf6 10. 0-0 Bd6 11. Re1 0-0 12. c3 Nbd7 13. Nxe6 fxe6 14. Rxe6 Kh8 15. Rxd6 Ne8 16. Re6 Bg8 17. Bxh6 Ndf6 18. Bg5 Bxe6 19. Bxe6 Qd6 20. Bb3 Qd7 21. Nh5 Qg4 22. Qxg4 Nxg4 23. f3 Ngf6 24. Nf4 Kh7 25. Bc2+ Kg8 26. Ng6 Rf7 27. Bb3 Nd5 28. Ne7+ Nxe7 29. Bxe7 Nc7 30. Bxf7+ Kxf7 31. Bd6 1-0

[Event "Teteven op 32nd"]
[Site "Teteven"]
[Date "2018.08.14"]
[Round "4"]
[White "Doykov, Stoycho"]
[Black "Serafimov, Dimitar"]
[Result "0-1"]
[WhiteElo "1784"]
[BlackElo "2143"]
[PlyCount "92"]
[EventDate "2018.08.11"]
[EventType "swiss"]
[EventRounds "9"]
[EventCountry "BUL"]
[SourceTitle "CBM 186 Extra"]
[Source "ChessBase"]
[SourceDate "2018.08.24"]
[SourceVersion "1"]
[SourceVersionDate "2018.08.24"]
[SourceQuality "1"]

1. d4 d5 2. c4 e6 3. Nc3 Be7 4. Bf4 Nf6 5. e3 0-0 6. Nf3 b6 7. Bd3 Bb7 8. 0-0 c5 9. Rc1 Nc6 10. cxd5 exd5 11. dxc5 bxc5 12. a3 g6 13. Qc2 Qa5 14. Bg5 Rfd8 15. Rfd1 Rac8 16. Qa4 d4 17. Qxa5 Nxa5 18. exd4 Nb3 19. Rb1 cxd4 20. Ne2 Kg7 21. Bf4 Ne4 22. Nd2 Nexd2 23. Bxd2 Bf6 24. Ng3 Be5 25. Ne2 f5 26. Bf4 Bf6 27. Nc1 Nc5 28. b4 Na4 29. Na2 Bd5 30. Ra1 Bxa2 31. Rxa2 Nc3 32. Rad2 Nxd1 33. Rxd1 Rc3 34. a4 Rdc8 35. g3 g5 36. Bd6 Rc1 37. Rxc1 Rxc1+ 38. Kg2 Rc3 39. Bxf5 h5 40. Kf1 d3 41. Ke1 Ra3 42. Kd1 Rxa4 43. Bxd3 a5 44. Bc2 Ra1+ 45. Kd2 a4 46. b5 Ra2 0-1

[Event "Teteven op 32nd"]
[Site "Teteven"]
[Date "2018.08.13"]
[Round "3"]
[White "Serafimov, Dimitar"]
[Black "Hristov, Petar"]
[Result "0-1"]
[WhiteElo "2143"]
[BlackElo "1988"]
[PlyCount "96"]
[EventDate "2018.08.11"]
[EventType "swiss"]
[EventRounds "9"]
[EventCountry "BUL"]
[SourceTitle "CBM 186 Extra"]
[Source "ChessBase"]
[SourceDate "2018.08.24"]
[SourceVersion "1"]
[SourceVersionDate "2018.08.24"]
[SourceQuality "1"]

1. c4 c5 2. Nf3 Nc6 3. g3 e5 4. Nc3 d6 5. Bg2 g6 6. 0-0 Bg7 7. d3 Nge7 8. Bd2 0-0 9. Nd5 Nxd5 10. cxd5 Nd4 11. Rb1 Bg4 12. e3 Nxf3+ 13. Bxf3 Bxf3 14. Qxf3 a5 15. Qe4 f5 16. Qc4 f4 17. exf4 Bh6 18. Rbe1 exf4 19. Re6 Qd7 20. a4 b6 21. g4 Qd8 22. f3 Ra7 23. Rfe1 Bg7 24. Bc3 Bxc3 25. bxc3 Rg7 26. Qe4 c4 27. d4 b5 28. axb5 a4 29. Re8 Qd7 30. b6 Rgf7 31. Qe6 Rxe8 32. Qxe8+ Kg7 33. Qe6 Qd8 34. Qe2 Qxb6 35. Qxc4 a3 36. g5 Rc7 37. Qa4 Ra7 38. Qe8 Qc7 39. Qe6 Qd8 40. h4 a2 41. Ra1 Qb8 42. Qf6+ Kg8 43. Qe6+ Rf7 44. Qe1 Qb2 45. Rd1 Kf8 46. c4 Ra7 47. Qe4 a1Q 48. Qxf4+ Kg8 0-1

[Event "Varna op-A 9th"]
[Site "Varna"]
[Date "2015.07.04"]
[Round "9"]
[White "Janchev, Petar"]
[Black "Serafimov, Dimitar"]
[Result "1-0"]
[WhiteElo "2169"]
[BlackElo "2218"]
[PlyCount "83"]
[EventDate "2015.06.26"]
[EventType "swiss"]
[EventRounds "9"]
[EventCountry "BUL"]
[SourceTitle "CBM 167 Extra"]
[Source "ChessBase"]
[SourceDate "2015.09.14"]
[SourceVersion "1"]
[SourceVersionDate "2015.09.14"]
[SourceQuality "1"]

1. Nf3 d5 2. e3 Nf6 3. c4 e6 4. Nc3 Be7 5. d4 0-0 6. Bd3 dxc4 7. Bxc4 c5 8. 0-0 Nc6 9. a3 a6 10. Ba2 b5 11. Qc2 Qb6 12. dxc5 Bxc5 13. b4 Be7 14. e4 Bd7 15. e5 Ne8 16. Bb1 g6 17. Qd2 Qc7 18. Bb2 Rd8 19. Ne4 Bc8 20. Qh6 f5 21. exf6 Bxf6 22. Nxf6+ Nxf6 23. h3 Qg7 24. Qc1 Ne7 25. Ba2 Ned5 26. Ne5 Qb7 27. Qh6 Qg7 28. Qxg7+ Kxg7 29. Bxd5 exd5 30. Rac1 Kg8 31. Bd4 Ne4 32. Rc7 Rfe8 33. Rfc1 Nd6 34. g4 Nc4 35. f4 Rd6 36. Rg7+ Kf8 37. Rxh7 Rde6 38. g5 Kg8 39. Rh6 Nxe5 40. Bxe5 Bd7 41. Rh8+ Kf7 42. Rh7+ 1-0

[Event "Varna op-A 9th"]
[Site "Varna"]
[Date "2015.07.01"]
[Round "6"]
[White "Arnaudov, Petar G"]
[Black "Serafimov, Dimitar"]
[Result "1-0"]
[WhiteElo "2462"]
[BlackElo "2218"]
[PlyCount "99"]
[EventDate "2015.06.26"]
[EventType "swiss"]
[EventRounds "9"]
[EventCountry "BUL"]
[SourceTitle "CBM 167 Extra"]
[Source "ChessBase"]
[SourceDate "2015.09.14"]
[SourceVersion "1"]
[SourceVersionDate "2015.09.14"]
[SourceQuality "1"]

1. Nf3 d5 2. c4 e6 3. g3 Nf6 4. Bg2 c5 5. cxd5 exd5 6. d4 Nc6 7. 0-0 h6 8. Nc3 Be7 9. dxc5 Bxc5 10. a3 Be6 11. b4 Be7 12. Bb2 0-0 13. Nd4 Bg4 14. h3 Bc8 15. Rc1 Re8 16. e3 Bf8 17. Nde2 a5 18. b5 Ne7 19. Nf4 Be6 20. Qb3 g5 21. Nxe6 fxe6 22. e4 Bg7 23. Rfd1 Kh8 24. exd5 exd5 25. Nxd5 Nexd5 26. Bxd5 Qe7 27. Bg2 Rad8 28. b6 Rxd1+ 29. Rxd1 Qe2 30. Bf3 a4 31. Bxe2 axb3 32. Bc4 Ne4 33. Bxg7+ Kxg7 34. Bxb3 Nc5 35. Bc4 Re4 36. Bd5 Re7 37. Rc1 Na4 38. Rc7 Kf6 39. Bxb7 Nxb6 40. Rc6+ Re6 41. Kf1 Rxc6 42. Bxc6 Ke5 43. a4 Kd6 44. Bb5 Kc5 45. Ke2 Nd5 46. Kf3 Nf6 47. Ke3 h5 48. h4 Ng4+ 49. Kf3 gxh4 50. gxh4 1-0

[Event "Varna op-A 9th"]
[Site "Varna"]
[Date "2015.06.30"]
[Round "5"]
[White "Serafimov, Dimitar"]
[Black "Enchev, Ivajlo"]
[Result "1/2-1/2"]
[WhiteElo "2218"]
[BlackElo "2408"]
[PlyCount "137"]
[EventDate "2015.06.26"]
[EventType "swiss"]
[EventRounds "9"]
[EventCountry "BUL"]
[SourceTitle "CBM 167 Extra"]
[Source "ChessBase"]
[SourceDate "2015.09.14"]
[SourceVersion "1"]
[SourceVersionDate "2015.09.14"]
[SourceQuality "1"]

1. Nf3 b6 2. g3 Bb7 3. Bg2 f5 4. 0-0 Nf6 5. c4 g6 6. d4 Bg7 7. Nc3 0-0 8. Bf4 e6 9. Rc1 h6 10. d5 Ne4 11. Be5 Bxe5 12. Nxe5 Qf6 13. f4 Nxc3 14. Rxc3 d6 15. Nd3 Nd7 16. e4 fxe4 17. Bxe4 Qd4+ 18. Nf2 Qxd1 19. Rxd1 e5 20. Nd3 g5 21. fxe5 dxe5 22. Re1 Rad8 23. Bg2 Rfe8 24. Bh3 e4 25. Be6+ Kg7 26. Rxe4 c6 27. Re1 Nf6 28. Ne5 cxd5 29. cxd5 Nxd5 30. Bxd5 Bxd5 31. Rc7+ Kf6 32. Ng4+ Kg6 33. Rxe8 Rxe8 34. Kf2 a5 35. a3 Re6 36. Rd7 Bc4 37. Ne3 Bb5 38. Rd4 Bc6 39. g4 h5 40. h3 h4 41. Rd8 Kf7 42. Nf5 Re5 43. Rd6 Be4 44. Nh6+ Kg7 45. Rxb6 a4 46. Nf5+ Bxf5 47. gxf5 Rxf5+ 48. Kg2 Rf4 49. Ra6 Kf7 50. Rb6 Rd4 51. Kf2 Rd3 52. Kg2 Rg3+ 53. Kh2 Re3 54. Kg2 Ke7 55. Kh2 Re2+ 56. Kg1 Kf7 57. Kh1 Re6 58. Rb4 Kg6 59. Rxa4 Re1+ 60. Kg2 Re2+ 61. Kg1 Rxb2 62. Rb4 Ra2 63. a4 Ra3 64. Kg2 Kf5 65. Rg4 Ra2+ 66. Kg1 Rc2 67. Kh1 Rc5 68. Kg2 Rc1 69. Kh2 1/2-1/2

[Event "Golden Sands op-B"]
[Site "Golden Sands"]
[Date "2015.06.15"]
[Round "8"]
[White "Serafimov, Dimitar"]
[Black "Dragieva, Denitza"]
[Result "1/2-1/2"]
[WhiteElo "2218"]
[BlackElo "1974"]
[PlyCount "101"]
[EventDate "2015.06.08"]
[EventType "swiss"]
[EventRounds "9"]
[EventCountry "BUL"]
[SourceTitle "CBM 167 Extra"]
[Source "ChessBase"]
[SourceDate "2015.09.14"]
[SourceVersion "1"]
[SourceVersionDate "2015.09.14"]
[SourceQuality "1"]

1. Nf3 d5 2. d4 Nf6 3. g3 e6 4. Bg2 c5 5. 0-0 Nc6 6. Bg5 cxd4 7. Nxd4 Bc5 8. Nxc6 bxc6 9. c4 0-0 10. Qc2 Bb6 11. Nd2 h6 12. Bf4 Qe7 13. Nf3 Ba6 14. Rac1 Rac8 15. c5 Bc7 16. Bxc7 Rxc7 17. Nd4 e5 18. Nf5 Qe6 19. Rfe1 Bc8 20. Nd6 Ne8 21. Red1 e4 22. e3 f5 23. Bf1 Kh8 24. Nxe8 Rxe8 25. b4 Bd7 26. Qc3 Rb8 27. a4 Rcb7 28. Rd4 Be8 29. Rcd1 Rd8 30. b5 cxb5 31. Qa5 Rdb8 32. Rxd5 bxa4 33. Rd6 Qe5 34. Rd8 Kh7 35. Rxb8 Qxb8 36. c6 Bxc6 37. Qxf5+ Kh8 38. Qc5 Bb5 39. Bh3 Bd3 40. Kg2 Be2 41. Rc1 Bf3+ 42. Kg1 Rb1 43. Bf5 Kg8 44. h4 Rxc1+ 45. Qxc1 Qb3 46. Kh2 Qd1 47. Qc8+ Kf7 48. Qe6+ Kf8 49. Qc8+ Ke7 50. Qe6+ Kf8 51. Qc8+ 1/2-1/2

[Event "Golden Sands op-B"]
[Site "Golden Sands"]
[Date "2015.06.14"]
[Round "7"]
[White "Sohib, Okla"]
[Black "Serafimov, Dimitar"]
[Result "1-0"]
[WhiteElo "2119"]
[BlackElo "2218"]
[PlyCount "119"]
[EventDate "2015.06.08"]
[EventType "swiss"]
[EventRounds "9"]
[EventCountry "BUL"]
[SourceTitle "CBM 167 Extra"]
[Source "ChessBase"]
[SourceDate "2015.09.14"]
[SourceVersion "1"]
[SourceVersionDate "2015.09.14"]
[SourceQuality "1"]

1. d4 d5 2. Nf3 c5 3. g3 cxd4 4. Bg2 Nf6 5. 0-0 Nc6 6. Nxd4 e6 7. c4 Qb6 8. Nxc6 bxc6 9. Nc3 Be7 10. Qc2 0-0 11. b3 Ba6 12. Na4 Qa5 13. Bd2 Qc7 14. cxd5 Nxd5 15. Bf3 Rfd8 16. Nc5 Qb6 17. Rfc1 Bxc5 18. Qxc5 Qxc5 19. Rxc5 Bb7 20. Ba5 Rd7 21. Rd1 Kf8 22. e3 Ke8 23. b4 a6 24. g4 f6 25. h4 h6 26. Kg2 Ne7 27. Kg3 Rxd1 28. Bxd1 Bc8 29. e4 Rb8 30. Ba4 Bd7 31. a3 Rb7 32. f4 Ra7 33. Kf3 Rb7 34. Ke3 Ra7 35. f5 e5 36. g5 hxg5 37. hxg5 Rb7 38. g6 Kf8 39. Rc1 c5 40. Bxd7 Rxd7 41. Rxc5 Ke8 42. a4 Rd1 43. b5 axb5 44. axb5 Rb1 45. Kd3 Kd7 46. Kc2 Kd6 47. Bd8 Rb4 48. Bxe7+ Kxe7 49. Kc3 Rxe4 50. b6 Re1 51. Rb5 Rc1+ 52. Kb4 Rc8 53. b7 Rb8 54. Kc5 Kd7 55. Kb6 e4 56. Ka7 Re8 57. b8Q Rxb8 58. Kxb8 e3 59. Rb3 Kd6 60. Rxe3 1-0

[Event "WchT Silent"]
[Site "Opatija"]
[Date "2014.06.26"]
[Round "8.1"]
[White "Varezhkin, Viktor"]
[Black "Serafimov, Dimitar"]
[Result "0-1"]
[WhiteElo "2230"]
[BlackElo "2252"]
[PlyCount "72"]
[EventDate "2014.06.19"]
[EventType "team-swiss"]
[EventRounds "9"]
[EventCountry "CRO"]
[SourceTitle "CBM 161 Extra"]
[Source "ChessBase"]
[SourceDate "2014.08.29"]
[SourceVersion "1"]
[SourceVersionDate "2014.08.29"]
[SourceQuality "1"]
[WhiteTeam "Russia"]
[BlackTeam "Bulgaria"]
[WhiteTeamCountry "RUS"]
[BlackTeamCountry "BUL"]

1. d4 d5 2. c4 e6 3. Nc3 Nf6 4. cxd5 exd5 5. Bg5 Be7 6. e3 c6 7. Bd3 0-0 8. Nf3 Re8 9. 0-0 Bg4 10. Qc2 Bh5 11. h3 Bg6 12. Bxg6 hxg6 13. Ne5 Nbd7 14. f4 Bb4 15. Nd1 Qc7 16. Nf2 Bd6 17. Rae1 Rac8 18. Bxf6 Nxf6 19. g4 c5 20. Qe2 cxd4 21. exd4 Qb6 22. Rd1 Rc7 23. Kg2 Rec8 24. Qf3 Rc2 25. Kg1 Qxb2 26. g5 Nh5 27. Qxd5 Bxe5 28. fxe5 Nf4 29. Qb3 Qxa2 30. Qf3 Ne2+ 31. Kh1 R8c3 32. Nd3 Nxd4 33. Qxb7 Rc6 34. Nf4 Nf5 35. Ra1 Qc4 36. Ng2 Qe4 0-1

[Event "WchT Silent"]
[Site "Opatija"]
[Date "2014.06.20"]
[Round "2.1"]
[White "Lapaj, Mateusz"]
[Black "Serafimov, Dimitar"]
[Result "1-0"]
[WhiteElo "2098"]
[BlackElo "2252"]
[PlyCount "123"]
[EventDate "2014.06.19"]
[EventType "team-swiss"]
[EventRounds "9"]
[EventCountry "CRO"]
[SourceTitle "CBM 161 Extra"]
[Source "ChessBase"]
[SourceDate "2014.08.29"]
[SourceVersion "1"]
[SourceVersionDate "2014.08.29"]
[SourceQuality "1"]
[WhiteTeam "Poland"]
[BlackTeam "Bulgaria"]
[WhiteTeamCountry "POL"]
[BlackTeamCountry "BUL"]

1. e4 c6 2. d4 d5 3. f3 g6 4. Nc3 Bg7 5. Be3 dxe4 6. Nxe4 Nd7 7. Qd2 Nb6 8. c4 Nf6 9. Nxf6+ Bxf6 10. f4 0-0 11. Be2 Bf5 12. Nf3 Bg7 13. 0-0 Bg4 14. Rac1 e6 15. h3 Bxf3 16. Bxf3 Qf6 17. b3 Rfd8 18. Qb4 Bf8 19. Qa5 Qf5 20. Qxf5 gxf5 21. g4 Bg7 22. Rcd1 fxg4 23. hxg4 Rd7 24. Rf2 Rad8 25. Rfd2 Bf8 26. Be4 c5 27. Kf2 cxd4 28. Rxd4 Rxd4 29. Rxd4 Rb8 30. Rd1 h6 31. c5 Nd5 32. Bxd5 exd5 33. Rxd5 Rc8 34. b4 b6 35. Kf3 bxc5 36. Bxc5 Bg7 37. Ke4 a6 38. Kd3 Kh7 39. Rd7 Kg8 40. Ra7 Rc6 41. f5 Be5 42. Ke4 Bg3 43. Kd5 Rf6 44. Ra8+ Kh7 45. Rd8 Bh4 46. Be7 Rxf5+ 47. gxf5 Bxe7 48. Rb8 Kg7 49. a4 h5 50. b5 axb5 51. Rxb5 Bh4 52. a5 Bf2 53. Rb2 Ba7 54. a6 Kf6 55. Rb7 Bf2 56. a7 Bxa7 57. Rxa7 Kxf5 58. Rxf7+ Kg4 59. Ke4 h4 60. Rg7+ Kh3 61. Kf3 Kh2 62. Rh7 1-0

[Event "Charleville Mezieres op 11th"]
[Site "Charleville Mezieres"]
[Date "2014.??.??"]
[Round "3"]
[White "Schweitzer, Viktoriya"]
[Black "Serafimov, Dimitar"]
[Result "1/2-1/2"]
[WhiteElo "2139"]
[BlackElo "2258"]
[PlyCount "83"]
[EventDate "2014.12.26"]
[EventType "swiss"]
[EventRounds "7"]
[EventCountry "FRA"]
[SourceTitle "CBM 164 Extra"]
[Source "ChessBase"]
[SourceDate "2015.03.02"]
[SourceVersion "1"]
[SourceVersionDate "2015.03.02"]
[SourceQuality "1"]

1. e4 c6 2. d4 d5 3. e5 Bf5 4. Be3 e6 5. Nf3 Nd7 6. Be2 Ne7 7. Nbd2 Bg4 8. Ng5 Bxe2 9. Qxe2 Nf5 10. Qf3 h5 11. Nh3 Be7 12. Nf4 g6 13. 0-0 c5 14. c3 Qb6 15. Ne2 Qa6 16. Ng3 Qd3 17. Rfd1 Nh4 18. Qe2 Qxe2 19. Nxe2 Nf5 20. Ng3 cxd4 21. cxd4 Nb8 22. Nxf5 gxf5 23. Rdc1 Nc6 24. Nf3 Rg8 25. h4 Rg4 26. g3 Kd7 27. Kf1 Rag8 28. a3 Na5 29. Rc3 Rc8 30. Rxc8 Kxc8 31. Rc1+ Kd7 32. Bf4 Rg8 33. Ke2 Nc6 34. Kd3 a5 35. Bg5 Bf8 36. Ng1 Rh8 37. Ne2 Bg7 38. Rc2 Rb8 39. Nf4 Rh8 40. Ne2 Rb8 41. Nf4 Rh8 42. Ne2 1/2-1/2

[Event "Charleville Mezieres op 11th"]
[Site "Charleville Mezieres"]
[Date "2014.??.??"]
[Round "6"]
[White "Serafimov, Dimitar"]
[Black "Halfaoui, Eddine"]
[Result "1-0"]
[WhiteElo "2258"]
[BlackElo "1935"]
[PlyCount "93"]
[EventDate "2014.12.26"]
[EventType "swiss"]
[EventRounds "7"]
[EventCountry "FRA"]
[SourceTitle "CBM 164 Extra"]
[Source "ChessBase"]
[SourceDate "2015.03.02"]
[SourceVersion "1"]
[SourceVersionDate "2015.03.02"]
[SourceQuality "1"]

1. c4 c5 2. Nc3 g6 3. g3 Bg7 4. Bg2 e6 5. Nf3 Ne7 6. d4 cxd4 7. Nxd4 a6 8. e4 0-0 9. 0-0 Nbc6 10. Nc2 b6 11. Bf4 Bb7 12. Qd2 Ne5 13. b3 N7c6 14. Rad1 Bc8 15. Bh6 Bxh6 16. Qxh6 Qf6 17. Qe3 Ng4 18. Qd2 Qg7 19. h3 Nh6 20. f4 Rb8 21. Kh2 Rd8 22. e5 Bb7 23. Ne4 Qf8 24. Nd6 Ba8 25. Ne3 f5 26. exf6 Qxf6 27. g4 Qg7 28. g5 Nf7 29. Ng4 Nxd6 30. Qxd6 Ne7 31. Nf6+ Kh8 32. Bxa8 Rxa8 33. Qxb6 Nf5 34. Rfe1 Qe7 35. Qa5 h6 36. Qc3 Qg7 37. Rd3 hxg5 38. fxg5 Rac8 39. Qe5 d5 40. Re2 dxc4 41. Rxd8+ Rxd8 42. bxc4 Nd4 43. Rf2 Nc6 44. Qg3 Qa7 45. Qh4+ Kg7 46. Qh7+ Kf8 47. Nd7+ 1-0

[Event "EU-chT ICCD Silent 21st"]
[Site "Kaunas"]
[Date "2013.06.16"]
[Round "7.1"]
[White "Gerasimov, Aleksander"]
[Black "Serafimov, Dimitar"]
[Result "1-0"]
[WhiteElo "2188"]
[BlackElo "2227"]
[PlyCount "107"]
[EventDate "2013.06.13"]
[EventType "team-swiss"]
[EventRounds "7"]
[EventCountry "LTU"]
[SourceTitle "EXT 2015"]
[Source "ChessBase"]
[SourceDate "2014.11.20"]
[SourceVersion "1"]
[SourceVersionDate "2014.11.20"]
[SourceQuality "1"]

1. d4 d5 2. c4 e6 3. Nc3 Be7 4. Nf3 Nf6 5. cxd5 exd5 6. Bg5 0-0 7. e3 b6 8. Bd3 Bb7 9. 0-0 c5 10. Qe2 Nc6 11. Rad1 c4 12. Bb1 Ne8 13. Bf4 f5 14. Ne5 g6 15. Bh6 Nf6 16. Bxf8 Qxf8 17. f3 Rd8 18. Nxc6 Bxc6 19. e4 Bb4 20. e5 Nh5 21. f4 Ng7 22. g4 Qf7 23. h3 Bd7 24. Qf3 Be6 25. Kh2 Re8 26. Ne2 Qd7 27. Rg1 Rf8 28. Rg2 Be7 29. g5 b5 30. Ng3 Bd8 31. h4 Bb6 32. h5 Bf7 33. hxg6 hxg6 34. Nf1 Be6 35. Ne3 a5 36. b3 c3 37. Rg3 Qa7 38. Nc2 Qd7 39. Rh3 Rd8 40. Rh6 Kf7 41. Rd3 b4 42. Qf2 Qb5 43. Rdh3 a4 44. Ne1 axb3 45. axb3 Rc8 46. Bc2 Qa6 47. Nf3 Qa7 48. Rh8 Rxh8 49. Rxh8 Nh5 50. Rh7+ Ng7 51. Qh4 Kf8 52. Rh8+ Bg8 53. Qh7 Qf7 54. Nh4 1-0

[Event "Breizh Masters (Women)"]
[Site "Guingamp"]
[Date "2011.03.08"]
[Round "5"]
[White "Serafimov, Dimitar"]
[Black "Guadamuro Torrente, Anabel"]
[Result "1/2-1/2"]
[WhiteElo "2250"]
[BlackElo "2167"]
[PlyCount "102"]
[EventDate "2011.03.04"]
[EventType "tourn"]
[EventRounds "9"]
[EventCountry "FRA"]
[SourceTitle "EXT 2012"]
[Source "ChessBase"]
[SourceDate "2011.11.24"]
[SourceVersion "1"]
[SourceVersionDate "2011.11.24"]
[SourceQuality "1"]

1. c4 c6 2. Nf3 d5 3. e3 Nf6 4. d4 a6 5. b3 Bg4 6. Nc3 b5 7. Bd3 e6 8. 0-0 Nbd7 9. Bb2 Be7 10. Qc2 Rc8 11. c5 Bxf3 12. gxf3 e5 13. Ne2 Qc7 14. Bf5 exd4 15. Bxd4 Rd8 16. f4 Nf8 17. b4 Ng6 18. Kh1 0-0 19. Rg1 Rfe8 20. Qb2 Nh5 21. Ng3 Nhxf4 22. exf4 Qxf4 23. Bh3 Bh4 24. Bg2 Qg4 25. Rae1 Nf4 26. f3 Qg6 27. Rxe8+ Rxe8 28. Bf1 f6 29. Ne4 Qh5 30. Nd2 Re1 31. Qc3 Ne2 32. Bxe2 Rxe2 33. Nf1 Bg5 34. Qd3 Rxa2 35. Qf5 Qh4 36. Qe6+ Kf8 37. Be3 h6 38. Bxg5 hxg5 39. Qxc6 Qd4 40. Qd6+ Kg8 41. Qe6+ Kf8 42. Qd6+ Kg8 43. Ng3 Rd2 44. Qe6+ Kh8 45. Qg4 Qd3 46. Qe6 Qc2 47. Re1 Rd1 48. Nf1 Rxe1 49. Qxe1 Kh7 50. Kg1 Qc4 51. Qd2 Kh8 1/2-1/2

[Event "FRA-chT2 0910"]
[Site "France"]
[Date "2010.01.24"]
[Round "7.2"]
[White "Hassler, Franck"]
[Black "Serafimov, Dimitar"]
[Result "0-1"]
[WhiteElo "2228"]
[BlackElo "2267"]
[PlyCount "29"]
[EventDate "2009.09.27"]
[EventType "team-tourn"]
[EventRounds "11"]
[EventCountry "FRA"]
[SourceTitle "EXT 2011"]
[Source "ChessBase"]
[SourceDate "2010.11.26"]
[SourceVersion "1"]
[SourceVersionDate "2010.11.26"]
[SourceQuality "1"]

1. d4 d5 2. Nf3 e6 3. e3 Nf6 4. c4 Be7 5. a3 b6 6. b4 dxc4 7. Bxc4 0-0 8. 0-0 Nbd7 9. Bb2 Bb7 10. Nbd2 c5 11. dxc5 bxc5 12. b5 Nb6 13. Be2 Qd5 14. a4 Rad8 15. a5 0-1

[Event "Chamalieres op"]
[Site "Chamalieres"]
[Date "2009.10.30"]
[Round "9"]
[White "Serafimov, Dimitar"]
[Black "Delort, Frederic"]
[Result "1-0"]
[WhiteElo "2210"]
[BlackElo "2202"]
[PlyCount "89"]
[EventDate "2009.10.24"]
[EventType "swiss"]
[EventRounds "9"]
[EventCountry "FRA"]
[SourceTitle "EXT 2010"]
[Source "ChessBase"]
[SourceDate "2010.11.25"]
[SourceVersion "1"]
[SourceVersionDate "2010.11.25"]
[SourceQuality "1"]

1. c4 e6 2. Nf3 d5 3. g3 Nf6 4. Bg2 dxc4 5. Qa4+ Nbd7 6. 0-0 a6 7. Qxc4 b5 8. Qc2 Bb7 9. d3 c5 10. b3 Bd6 11. Bb2 0-0 12. Nbd2 Qb6 13. Rac1 Rac8 14. Qb1 Rfd8 15. Qa1 Bf8 16. h4 Nd5 17. Ne4 f6 18. Nfd2 e5 19. Nc3 Nxc3 20. Bxc3 Bxg2 21. Kxg2 Nb8 22. Rc2 Nc6 23. Kg1 Nd4 24. Bxd4 cxd4 25. Rxc8 Rxc8 26. Rc1 Rc6 27. a4 Qc7 28. Rxc6 Qxc6 29. axb5 axb5 30. Qa2 Bb4 31. Nf3 h6 32. h5 Qd5 33. Qc2 Bc3 34. Nh4 e4 35. dxe4 Qxh5 36. Nf5 Qe8 37. Qd3 Qe6 38. Qxb5 g6 39. Qb8+ Kf7 40. Qb7+ Kf8 41. Qg7+ Ke8 42. Qxg6+ Kd7 43. Qh7+ Kc6 44. Ne7+ Kb6 45. Nd5+ 1-0

[Event "Chamalieres op"]
[Site "Chamalieres"]
[Date "2009.10.27"]
[Round "5"]
[White "Serafimov, Dimitar"]
[Black "Brethes, Francois"]
[Result "1-0"]
[WhiteElo "2210"]
[BlackElo "2237"]
[PlyCount "79"]
[EventDate "2009.10.24"]
[EventType "swiss"]
[EventRounds "9"]
[EventCountry "FRA"]
[SourceTitle "EXT 2010"]
[Source "ChessBase"]
[SourceDate "2010.11.25"]
[SourceVersion "1"]
[SourceVersionDate "2010.11.25"]
[SourceQuality "1"]

1. c4 e6 2. Nf3 d5 3. g3 Nf6 4. Bg2 dxc4 5. 0-0 a6 6. Qc2 b5 7. b3 cxb3 8. axb3 Bb7 9. Bb2 Be7 10. d4 0-0 11. Rc1 Nc6 12. Nbd2 Rc8 13. Ne4 Nb4 14. Nxf6+ Bxf6 15. Qc5 Be7 16. Qc3 Nd5 17. Qd2 c5 18. Ne5 f6 19. Nd3 c4 20. bxc4 Rxc4 21. Rxc4 bxc4 22. Nc5 Bxc5 23. dxc5 Qc8 24. Qd4 Nc7 25. c6 Ba8 26. Qxc4 Rd8 27. h4 Nd5 28. Rxa6 Rd6 29. Ra7 Rxc6 30. Qg4 Bb7 31. e4 h5 32. Qxh5 Rc2 33. Rxb7 Qxb7 34. Qe8+ Kh7 35. exd5 Rxb2 36. dxe6 Qb4 37. Qh5+ Kg8 38. Qf7+ Kh7 39. Qh5+ Kg8 40. e7 1-0